Priebeh revízií plynových zariadení

Bibliographic Details
Main Author: Kohút, Vladislav (Author)
Format: Article
Language:Slovak

MARC

LEADER 00000nab a2200000uu 4500
001 vtls011158008
003 SK-MaSNL
005 20260303104448.0
008 230121|1975 xo |||||||||||||||||slo|
015 |a SNBRB 
035 |a (urnnbn)urn:nbn:sk:snk:ar-a0al3q 
035 |a (uuid)690753bc-b19d-4e4c-9eba-2d7c3d728a48 
035 |a urn:nbn:sk:snk-abb5xl 
040 |a SNKBUCL  |b slo  |c SNKBUCL  |e AACR2 
041 0 |a slo 
044 |a xo  |c SK 
100 1 |a Kohút, Vladislav  |4 aut  |9 1118952 
245 1 0 |a Priebeh revízií plynových zariadení  |c Vladislav Kohút 
773 0 |t Bezpečná práca : dvojmesačník pre teóriu a prax bezpečnosti práce  |g Roč. 6, č. 5 (1975), s. 23-25 
954 |a odborná, vedecká literatúra pôvodná (slovenská)  |2 lita 
958 |a OND 
958 |a EUIPO 
958 |a article14 
999 |c 1856682  |d 1858612